00290nam a2200109Ia 4500008004100000100002100041245001600062260000900078300002900087440002400116650004000140180117s9999 xx 000 0 und d aby Jullie Y Daza aMedium Rare c2017 a18-20 pages, 2017 July 2 aPhilippine Panorama aCOLORFUL CORALS THAT GROW ON CANVAS